El guambra volador / (Record no. 160137)

MARC details
000 -CABECERA
campo de control de longitud fija 00757nam a2200229 a 4500
005 - FECHA Y HORA DE LA ÚLTIMA TRANSACCIÓN
campo de control 20230223063632.0
008 - ELEMENTOS DE LONGITUD FIJA--INFORMACIÓN GENERAL
campo de control de longitud fija 121024s2007 mx r 000 0 spa d
020 ## - NÚMERO INTERNACIONAL NORMALIZADO PARA LIBROS
Número Internacional Estándar del Libro 9788498262964
035 ## - NÚMERO DE CONTROL DEL SISTEMA
Número de control de sistema UPN01000188034
049 ## - COLECCIÓN
Colección I
050 #4 - SIGNATURA TOPOGRÁFICA DE LA BIBLIOTECA DEL CONGRESO
Número de clasificación PQ8220.29 T6.5
Número de documento/Ítem G8.2
100 1# - ASIENTO PRINCIPAL--NOMBRE PERSONAL
Nombre de persona St'Omer Zamora, Thomas Javier,
Fechas asociadas al nombre 1966-
9 (RLIN) 32886
245 13 - MENCIÓN DE TÍTULO
Título El guambra volador /
Mención de responsabilidad, etc. Thomas Javier St'Omer ; il. Marco Chamorro.
260 ## - PUBLICACIÓN, DISTRIBUCIÓN, ETC.
Lugar de publicación, distribución, etc. Valencia, Esp. :
Nombre del editor, distribuidor, etc. ECIR,
Fecha de publicación, distribución, etc. 2007.
300 ## - DESCRIPCIÓN FÍSICA
Extensión [32] p. :
Otras características físicas principalmente il., col.
440 #0 - MENCIÓN DE SERIE/ASIENTO SECUNDARIO--TÍTULO
Título Multicolor ;
Designación de volumen o secuencia 14.
Nombre de parte o sección de la obra Pequeños lectores de 6 a 8 años
650 #4 - ASIENTO SECUNDARIO DE MATERIA - TERMINO TEMATICO
Término de materia o nombre geográfico como elemento de entrada LITERATURA INFANTIL ECUATORIANA
9 (RLIN) 19418
650 #7 - ASIENTO SECUNDARIO DE MATERIA - TERMINO TEMATICO
Término de materia o nombre geográfico como elemento de entrada Discriminación racial
Fuente del encabezamiento o término
9 (RLIN) 4625
700 1# - ASIENTO SECUNDARIO--NOMBRE DE PERSONAL
Nombre de persona Chamorro, Marco,
Término indicativo de función/relación il.
905 ## - TIPO DE MATERIAL
Tipo de material Infantil
Holdings
Estado de retiro Estado de pérdida Fuente del sistema de clasificación o colocación Estado dañado No para préstamo Código de colección Localización permanente Ubicación/localización actual Ubicación en estantería Fecha de adquisición Clasificación Código de barras Fecha visto por última vez Número de copia Tipo de ítem Koha
    Library of Congress Classification     Infantil Bib. Gregorio Torres Quintero Bib. Gregorio Torres Quintero Sala infantil Planta baja 10/05/2023 PQ8220.29 T6.5 G8.2 285897 31/12/2020 1 Libro